<?xml version="1.0" encoding="UTF-8"?>
<record
    xmlns:xsi="http://www.w3.org/2001/XMLSchema-instance"
    xsi:schemaLocation="http://www.loc.gov/MARC21/slim http://www.loc.gov/standards/marcxml/schema/MARC21slim.xsd"
    xmlns="http://www.loc.gov/MARC21/slim">

  <leader>00645nam a22001337a 4500</leader>
  <datafield tag="040" ind1=" " ind2=" ">
    <subfield code="c">RUA</subfield>
  </datafield>
  <datafield tag="082" ind1=" " ind2=" ">
    <subfield code="a">AVM KOR 2011 B097 Or.1</subfield>
  </datafield>
  <datafield tag="100" ind1=" " ind2=" ">
    <subfield code="a">KORNG, PISETH.</subfield>
  </datafield>
  <datafield tag="245" ind1=" " ind2=" ">
    <subfield code="a">Study on gastro-intestinal parasite in cattle in srey sothor district, kampong cham province, &#x1780;&#x17B6;&#x179A;&#x179F;&#x17B7;&#x1780;&#x17D2;&#x179F;&#x17B6;&#x1796;&#x17B8;&#x1794;&#x179A;&#x17B6;&#x179F;&#x17B7;&#x178F;&#x1793;&#x17C5;&#x1780;&#x17D2;&#x1793;&#x17BB;&#x1784;&#x1780;&#x17D2;&#x179A;&#x1796;&#x17C7;&#x1796;&#x17C4;&#x17C7;&#x179C;&#x17C0;&#x1793;&#x1782;&#x17C4; &#x1793;&#x17C4;&#x179F;&#x17D2;&#x179A;&#x17BB;&#x1780;&#x179F;&#x17D2;&#x179A;&#x17B8;&#x179F;&#x1793;&#x17D2;&#x1792; &#x1781;&#x17C1;&#x178F;&#x17D2;&#x178F;&#x1780;&#x17C6;&#x1796;&#x1784;&#x17CB;&#x1785;&#x17B6;&#x1798;</subfield>
  </datafield>
  <datafield tag="260" ind1=" " ind2=" ">
    <subfield code="a">Phnom Penh</subfield>
    <subfield code="b">RUA</subfield>
    <subfield code="c">2011</subfield>
  </datafield>
  <datafield tag="300" ind1=" " ind2=" ">
    <subfield code="a">x; 46p.</subfield>
    <subfield code="b">ill.</subfield>
    <subfield code="c">29cm.</subfield>
  </datafield>
  <datafield tag="856" ind1=" " ind2=" ">
    <subfield code="u">https://drive.google.com/file/d/16Cf5PJNJHC6avs79JrSYUAedci6LDWo9/view?usp=sharing</subfield>
  </datafield>
  <datafield tag="942" ind1=" " ind2=" ">
    <subfield code="c">AVM</subfield>
  </datafield>
  <datafield tag="999" ind1=" " ind2=" ">
    <subfield code="c">2512</subfield>
    <subfield code="d">2512</subfield>
  </datafield>
  <datafield tag="952" ind1=" " ind2=" ">
    <subfield code="0">0</subfield>
    <subfield code="1">0</subfield>
    <subfield code="2">ddc</subfield>
    <subfield code="4">0</subfield>
    <subfield code="6">AVM_KOR_2011_000000000000000_B097_OR_1</subfield>
    <subfield code="7">0</subfield>
    <subfield code="9">11516</subfield>
    <subfield code="a">LBB</subfield>
    <subfield code="b">LBB</subfield>
    <subfield code="c">B097</subfield>
    <subfield code="d">2015-10-22</subfield>
    <subfield code="l">7</subfield>
    <subfield code="o">AVM KOR 2011 B097 Or.1</subfield>
    <subfield code="p">RUA019236</subfield>
    <subfield code="r">2018-07-20</subfield>
    <subfield code="s">2018-07-17</subfield>
    <subfield code="w">2015-10-22</subfield>
    <subfield code="y">AVM</subfield>
  </datafield>
  <datafield tag="952" ind1=" " ind2=" ">
    <subfield code="0">0</subfield>
    <subfield code="1">0</subfield>
    <subfield code="2">ddc</subfield>
    <subfield code="4">0</subfield>
    <subfield code="6">AVM_KOR_2011_000000000000000_B097_OR_2</subfield>
    <subfield code="7">0</subfield>
    <subfield code="9">11517</subfield>
    <subfield code="a">LBB</subfield>
    <subfield code="b">LBB</subfield>
    <subfield code="c">B097</subfield>
    <subfield code="d">2015-10-22</subfield>
    <subfield code="o">AVM KOR 2011 B097 Or.2</subfield>
    <subfield code="p">RUA020023</subfield>
    <subfield code="r">2015-10-22</subfield>
    <subfield code="w">2015-10-22</subfield>
    <subfield code="y">AVM</subfield>
  </datafield>
  <datafield tag="952" ind1=" " ind2=" ">
    <subfield code="0">0</subfield>
    <subfield code="1">0</subfield>
    <subfield code="2">ddc</subfield>
    <subfield code="4">0</subfield>
    <subfield code="6">AVM_KOR_2011_000000000000000_B097_OR_3</subfield>
    <subfield code="7">0</subfield>
    <subfield code="9">11518</subfield>
    <subfield code="a">LBB</subfield>
    <subfield code="b">LBB</subfield>
    <subfield code="c">B097</subfield>
    <subfield code="d">2015-10-22</subfield>
    <subfield code="l">3</subfield>
    <subfield code="o">AVM KOR 2011 B097 Or.3</subfield>
    <subfield code="p">RUA019457</subfield>
    <subfield code="r">2017-02-20</subfield>
    <subfield code="s">2017-02-13</subfield>
    <subfield code="w">2015-10-22</subfield>
    <subfield code="y">AVM</subfield>
  </datafield>
  <datafield tag="952" ind1=" " ind2=" ">
    <subfield code="0">0</subfield>
    <subfield code="1">0</subfield>
    <subfield code="2">ddc</subfield>
    <subfield code="4">0</subfield>
    <subfield code="6">AVM_KOR_2011_000000000000000_B097_OR_4</subfield>
    <subfield code="7">0</subfield>
    <subfield code="9">11519</subfield>
    <subfield code="a">LBB</subfield>
    <subfield code="b">LBB</subfield>
    <subfield code="c">B097</subfield>
    <subfield code="d">2015-10-22</subfield>
    <subfield code="o">AVM KOR 2011 B097 Or.4</subfield>
    <subfield code="p">RUA019016</subfield>
    <subfield code="r">2015-10-22</subfield>
    <subfield code="w">2015-10-22</subfield>
    <subfield code="y">AVM</subfield>
  </datafield>
  <datafield tag="952" ind1=" " ind2=" ">
    <subfield code="0">0</subfield>
    <subfield code="1">0</subfield>
    <subfield code="2">ddc</subfield>
    <subfield code="4">0</subfield>
    <subfield code="6">AVM_KOR_2011_000000000000000_B097_OR_5</subfield>
    <subfield code="7">0</subfield>
    <subfield code="9">11520</subfield>
    <subfield code="a">LBB</subfield>
    <subfield code="b">LBB</subfield>
    <subfield code="c">B097</subfield>
    <subfield code="d">2015-10-22</subfield>
    <subfield code="l">5</subfield>
    <subfield code="m">1</subfield>
    <subfield code="o">AVM KOR 2011 B097 Or.5</subfield>
    <subfield code="p">RUA019027</subfield>
    <subfield code="r">2018-02-05</subfield>
    <subfield code="s">2018-01-19</subfield>
    <subfield code="w">2015-10-22</subfield>
    <subfield code="y">AVM</subfield>
  </datafield>
  <datafield tag="952" ind1=" " ind2=" ">
    <subfield code="0">0</subfield>
    <subfield code="1">0</subfield>
    <subfield code="2">ddc</subfield>
    <subfield code="4">0</subfield>
    <subfield code="6">AVM_KOR_2011_000000000000000_B097_OR_6</subfield>
    <subfield code="7">0</subfield>
    <subfield code="9">11521</subfield>
    <subfield code="a">LBB</subfield>
    <subfield code="b">LBB</subfield>
    <subfield code="c">B097</subfield>
    <subfield code="d">2015-10-22</subfield>
    <subfield code="l">2</subfield>
    <subfield code="o">AVM KOR 2011 B097 Or.6</subfield>
    <subfield code="p">RUA010310</subfield>
    <subfield code="r">2016-06-06</subfield>
    <subfield code="s">2016-04-29</subfield>
    <subfield code="w">2015-10-22</subfield>
    <subfield code="y">AVM</subfield>
  </datafield>
  <datafield tag="952" ind1=" " ind2=" ">
    <subfield code="0">0</subfield>
    <subfield code="1">0</subfield>
    <subfield code="2">ddc</subfield>
    <subfield code="4">0</subfield>
    <subfield code="6">AVM_KOR_2011_000000000000000_B097_OR_7</subfield>
    <subfield code="7">0</subfield>
    <subfield code="9">47018</subfield>
    <subfield code="a">LBB</subfield>
    <subfield code="b">LBB</subfield>
    <subfield code="d">2016-06-30</subfield>
    <subfield code="o">AVM KOR 2011 B097 Or.7</subfield>
    <subfield code="p">RUA058072</subfield>
    <subfield code="r">2016-06-30</subfield>
    <subfield code="w">2016-06-30</subfield>
    <subfield code="y">AVM</subfield>
  </datafield>
</record>
